书目信息 |
| 题名: |
中亚文明史
|
|
| 作者: | 李特文斯基 主编 ;马小鹤 译 | |
| 分册: | 第三卷 文明的交会:公元前250年至750年 | |
| 出版信息: | 北京 中国对外翻译出版公司 2002 |
|
| 页数: | 501页 | |
| 开本: | 24cm | |
| 丛书名: | ||
| 单 册: | ||
| 中图分类: | K360.3 | |
| 科图分类: | ||
| 主题词: | 文化史--中亚--公元250年~公元750年 | |
| 电子资源: | ||
| ISBN: | 7-5001-1093-6 | |
| 000 | 01076nam0 2200265 45 | |
| 001 | 012002032520 | |
| 005 | 20041229091300.5 | |
| 010 | @a7-5001-1093-6@dCNY68.00 | |
| 100 | @a20020405d2002 em y0chiy0110 ea | |
| 101 | 1 | @achi@ceng |
| 102 | @aCN@b110000 | |
| 105 | @aab z 001yy | |
| 200 | 1 | @a中亚文明史@Azhong ya wen ming shi@dHistory of Civilizations of CentralAsia@h第三卷@i文明的交会:公元前250年至750年@f(俄罗斯)B.A.李特文斯基主编@F(E Luo Si)B.A.Li Te Wen Si Ji Zhu Bian@g马小鹤译 |
| 210 | @a北京@c中国对外翻译出版公司@d2002 | |
| 215 | @a501页@c图片,地图@d24cm | |
| 300 | @a附录:释本书“中亚”一词的含义 | |
| 320 | @a有索引 | |
| 330 | @a本卷追溯了中亚广大地区从旧石器时代开始,直到大约公元前700年伟大的阿黑门尼德帝国奠定建国基础之时的人类历史。 | |
| 517 | @a文明的交会:公元前250年至750年@AWen Ming De Jiao Hui:Gong Yuan Qian 250 Nian Zhi 750 Nian | |
| 606 | 0 | @a文化史@y中亚@z公元250年~公元750年 |
| 690 | @aK360.3@v4 | |
| 701 | 0 | @a李特文斯基@4主编 |
| 702 | 0 | @a马小鹤@AMa Xiao He@4译 |
| 801 | 0 | @aCN@bNLC@c20020419 |
| 905 | @b340978@dK360.3@e5:3@f1 | |
| 中亚文明史=History of Civilizations of CentralAsia.第三卷.文明的交会:公元前250年至750年/(俄罗斯)B.A.李特文斯基主编/马小鹤译.-北京:中国对外翻译出版公司,2002 |
| 501页:图片,地图;24cm |
| 附录:释本书“中亚”一词的含义 |
| ISBN 7-5001-1093-6:CNY68.00 |
| 本卷追溯了中亚广大地区从旧石器时代开始,直到大约公元前700年伟大的阿黑门尼德帝国奠定建国基础之时的人类历史。 |
| ● |
| 相关链接 |
|
|
|
|
正题名:中亚文明史
索取号:K360.3/5:3
 
预约/预借
| 序号 | 登录号 | 条形码 | 馆藏地/架位号 | 状态 | 备注 |
| 1 | 0340978 | 203409784 | 第二样本阅览室/ [索取号:K360.3/5:3] | 在馆 |